LEADER 03694nam 2200685Ia 450 001 9910782713603321 005 20230912141529.0 010 $a0-7735-6938-3 024 7 $a10.1515/9780773569386 035 $a(CKB)1000000000713874 035 $a(OCoLC)144142939 035 $a(CaPaEBR)ebrary10139059 035 $a(SSID)ssj0000277079 035 $a(PQKBManifestationID)11239271 035 $a(PQKBTitleCode)TC0000277079 035 $a(PQKBWorkID)10234265 035 $a(PQKB)11686049 035 $a(CaPaEBR)400302 035 $a(CaBNvSL)slc00201087 035 $a(Au-PeEL)EBL3331373 035 $a(CaPaEBR)ebr10146955 035 $a(OCoLC)929121816 035 $a(VaAlCD)20.500.12592/m6rsdj 035 $a(schport)gibson_crkn/2009-12-01/1/400302 035 $a(MiAaPQ)EBC3331373 035 $a(DE-B1597)657602 035 $a(DE-B1597)9780773569386 035 $a(MiAaPQ)EBC3245998 035 $a(EXLCZ)991000000000713874 100 $a20010531d2000 uy 0 101 0 $aeng 135 $aurcn||||||||| 181 $ctxt 182 $cc 183 $acr 200 10$aAt home on the world markets$b[electronic resource] $eDutch international trading companies from the 16th century until the present /$fJoost Jonker and Keetie Sluyterman ; [translated by Diederik van Werven] 210 $aThe Hague $cSdu Uitgevers$d2000 215 $a1 online resource (431 p.) 300 $aBibliographic Level Mode of Issuance: Monograph 311 $a0-7735-2215-8 320 $aIncludes bibliographical references (p. 407-417) and index. 327 $tFront Matter -- $tContents -- $tIntroduction -- $tThe unfolding of a commercial world empire, 1550?1650 -- $tLosing the lead, 1650?1750 -- $tThrough a dark valley, 1750?1850 -- $tA revolution in industry, traffic, and trade, 1850?1914 -- $tOn the defensive, 1914?1940 -- $tTrade in Times of War and Decolonisation, 1940?1960 -- $tTrade and industry, an awkward fit, 1960?1983 -- $tGroping for a core business, 1983?2000 -- $tConclusion -- $tList of Persons Interviewed -- $tNotes -- $tLiterature -- $tIndex -- $tPicture credits 330 $aThe Dutch economy has relied on trade for centuries. During the seventeenth century the Netherlands experienced a Golden Age built largely on commercial enterprise, and trade continues to be the golden link in the supply chain from producers to consumers. Yet we know very little about the business of trade and the people involved in it. What was the nature of their work, and how did it evolve through the ages? In the lavishly illustrated At Home on the World Markets Joost Jonker and Keetie Sluyterman look at mercantile dynasties - such as the Trips and the Van Eeghens - and companies - such as the famous Dutch East Indian Company VOC and the modern trading company Hagemeyer - that have been largely unstudied. They describe the evolution of a unique economic sector that occupies a key position in the supply chain from producers to consumers. 606 $aTrading companies$zNetherlands$xHistory 606 $aInternational business enterprises$zNetherlands$xHistory 606 $aMerchants$zNetherlands$xHistory 607 $aNetherlands$xCommerce$xHistory 615 0$aTrading companies$xHistory. 615 0$aInternational business enterprises$xHistory. 615 0$aMerchants$xHistory. 676 $a382.09492 700 $aJonker$b Joost$f1955-$0141590 701 $aSluyterman$b K. E$g(Keetie E.),$f1949-$01318186 801 0$bMiAaPQ 801 1$bMiAaPQ 801 2$bMiAaPQ 906 $aBOOK 912 $a9910782713603321 996 $aAt home on the world markets$93703326 997 $aUNINA LEADER 01274nas 2200409-a 450 001 9910133426303321 005 20240413021914.0 035 $a(CKB)110978977565563 035 $a(CONSER)---86643883- 035 $a(EXLCZ)99110978977565563 100 $a19830412a19829999 --- a 101 0 $aeng 181 $ctxt$2rdacontent 182 $cc$2rdamedia 183 $acr$2rdacarrier 200 00$aIndiana review 210 $aBloomington, IN $cIndiana University Board of Trustees$dİ1982- 215 $a1 online resource 300 $aRefereed/Peer-reviewed 311 08$aPrint version: Indiana review. 0738-386X (DLC) 86643883 (OCoLC)9399570 517 1 $aIR 531 0 $aIndiana rev. 606 $aAmerican literature$y20th century$vPeriodicals 606 $aAmerican literature$y21st century$vPeriodicals 606 $aAmerican literature$2fast$3(OCoLC)fst00807113 608 $aPeriodicals.$2fast 608 $aPeriodicals.$2lcgft 608 $aLittle magazines.$2rbgenr 615 0$aAmerican literature 615 0$aAmerican literature 615 7$aAmerican literature. 676 $a810/.8/0054 906 $aJOURNAL 912 $a9910133426303321 920 $aexl_impl conversion 996 $aIndiana review$92360208 997 $aUNINA